مكتبة جامعة عجلون الوطنية

فهرس بحث المكتبة

Normal view MARC view
  • Certified and Corporate Accountants

Entry Topical Term

Number of records used in: 1

001 - CONTROL NUMBER

  • control field: 3262

003 - CONTROL NUMBER IDENTIFIER

  • control field: JO-AjAnu

005 - DATE AND TIME OF LATEST TRANSACTION

  • control field: 20230606070834.0

008 - FIXED-LENGTH DATA ELEMENTS

  • fixed length control field: 230606|| aca||aabn | a|a d

040 ## - CATALOGING SOURCE

  • Original cataloging agency: JO-AjAnu
  • Transcribing agency: JO-AjAnu

150 ## - HEADING--TOPICAL TERM

  • Topical term or geographic name entry element: Certified and Corporate Accountants

670 ## - SOURCE DATA FOUND

  • Source citation: Work cat.: (JO-AjAnu)1706: edited: Woolf,Emile / Tanna,Suresh / Singh,Karam, author 3261, Costing